ၶၢဝ်းတၢင်းၸဝ်ႈပူႇထီး / (Record no. 26020)

000 -LEADER
fixed length control field 00913nam a22002177a 4500
003 - CONTROL NUMBER IDENTIFIER
control field OSt
005 - DATE AND TIME OF LATEST TRANSACTION
control field 20260124085320.0
008 - FIXED-LENGTH DATA ELEMENTS--GENERAL INFORMATION
fixed length control field 230620b ||||| |||| 00| 0 eng d
040 ## - CATALOGING SOURCE
Transcribing agency SSBUL
041 ## - LANGUAGE CODE
Language code of text/sound track or separate title Shan
082 ## - DEWEY DECIMAL CLASSIFICATION NUMBER
Edition number 23
Classification number 294.34435
100 0# - MAIN ENTRY--PERSONAL NAME
Personal name ပူႇထီး ဝိၸိတ်တထမ်မ၊
Titles and words associated with a name ၸဝ်ႈ။
245 10 - TITLE STATEMENT
Title ၶၢဝ်းတၢင်းၸဝ်ႈပူႇထီး /
Statement of responsibility, etc. ၸဝ်ႈပူႇထီး ဝိၸိတ်တထမ်မ။
260 ## - PUBLICATION, DISTRIBUTION, ETC.
Place of publication, distribution, etc. ၵုင်းထဵပ်ႈ၊
Name of publisher, distributor, etc. ၽရိသတ်းထီႇၶိဝ်ႇၽီႇ၊
Date of publication, distribution, etc. 2010 ။
300 ## - PHYSICAL DESCRIPTION
Extent (5)၊ 82 ၼႃႈ၊
Other physical details ပႃးႁၢင်ႈ၊ ပႃးလွၵ်း၊
Dimensions 21 ၸိၼ်ႇတီႇ။
500 ## - GENERAL NOTE
General note S-SAT: Dr. Prof Sai Aung Tun
650 ## - SUBJECT ADDED ENTRY--TOPICAL TERM
Topical term or geographic name entry element ၵၢၼ်ၼင်ႈတြႃး(ဝိပသ်ႉသၼႃႇ)
942 ## - ADDED ENTRY ELEMENTS (KOHA)
Koha item type Books (Long term)
100 0# - MAIN ENTRY--PERSONAL NAME
9 (RLIN) 26349
650 ## - SUBJECT ADDED ENTRY--TOPICAL TERM
9 (RLIN) 26350
Source of classification or shelving scheme
Source of classification or shelving scheme
Holdings
Withdrawn status Lost status Source of classification or shelving scheme Damaged status Not for loan Collection Code Permanent Location Current Location Shelving location Date acquired Total Checkouts Full call number Barcode Date last seen Price effective from Koha item type Accession
          Special Collections Shan State Buddhist University Library Shan State Buddhist University Library Special Collection Shelves 20/06/2023   294.34435 ပူႇ ႒႔႕႖ S-SAT SH00002456 20/06/2023 20/06/2023 Books (Long term) ႒႔႕႖ S-SAT

Library - 09407999929
Admin Office - 09407999979
Dean Office - 09250910768
Registrar Office - 09892297154
Email - [email protected]
Shan State Buddhist University, Phaya Phyu Taunggyi, Shan State, Myanmar.